Statistics for F1 Season: 2013 Race Winners

Click here to take the quiz!

General Stats

  • This quiz has been taken 288 times
  • The average score is 19 of 19

Answer Stats

Grand PrixDriver% Correct
BrazilianSebastian Vettel
100%
KoreanSebastian Vettel
100%
United StatesSebastian Vettel
100%
BahrainSebastian Vettel
100%
Abu DhabiSebastian Vettel
100%
IndianSebastian Vettel
100%
CanadianSebastian Vettel
100%
JapaneseSebastian Vettel
100%
GermanSebastian Vettel
100%
MalaysianSebastian Vettel
100%
BelgianSebastian Vettel
100%
ItalianSebastian Vettel
100%
SingaporeSebastian Vettel
100%
HungarianLewis Hamilton
99%
SpanishFernando Alonso
95%
ChineseFernando Alonso
95%
BritishNico Rosberg
91%
MonacoNico Rosberg
91%
AustralianKimi Räikkönen
88%

Score Distribution

Percentile by Number Answered

Percent of People with Each Score

Your Score History

You have not taken this quiz